NLSUI OPAC header image

Kerala's nxalbari : Ajitha, memoirs of a young revolutionary (Record no. 32272)

MARC details
000 -LEADER
fixed length control field 01665nam a2200217Ia 4500
003 - CONTROL NUMBER IDENTIFIER
control field OSt
005 - DATE AND TIME OF LATEST TRANSACTION
control field 20210521170717.0
008 - FIXED-LENGTH DATA ELEMENTS--GENERAL INFORMATION
fixed length control field 160316s2008 xxu||||| |||| 00| 0 eng d
020 ## - INTERNATIONAL STANDARD BOOK NUMBER
International Standard Book Number 9788188575633
040 ## - CATALOGING SOURCE
Transcribing agency n
082 ## - DEWEY DECIMAL CLASSIFICATION NUMBER
Classification number 324.244075
Item number RAM
100 ## - MAIN ENTRY--PERSONAL NAME
Personal name Ramachandran Sanju
245 ## - TITLE STATEMENT
Title Kerala's nxalbari : Ajitha, memoirs of a young revolutionary
260 ## - PUBLICATION, DISTRIBUTION, ETC.
Place of publication, distribution, etc. New Delhi
Name of publisher, distributor, etc. SrishtiPublishers & Distributors
Date of publication, distribution, etc. 2008
300 ## - PHYSICAL DESCRIPTION
Extent 287p
365 ## - TRADE PRICE
Price amount Rs. 195
505 ## - FORMATTED CONTENTS NOTE
Formatted contents note Contents: <br/>1. The first step;<br/>2. The decision;<br/>3. The campaign;<br/>4. Comrade TV Appu;<br/>5. A problem called China;<br/>6. The background of Thalassery-Pulpally;<br/>7. Ma;<br/>8. Preparation for Pulpally;<br/>9. Pulpally revolt;<br/>10. Comrade Kissan Thomman's Martydom;<br/>11. Life at Thirunelli;<br/>12. In police custody;<br/>13. Prison and court;<br/>14. The Thalassery Fiasco;<br/>15. Political responses;<br/>16. Naxalbari and the perversion called Annihilation;<br/>17. The political resolution of the CPI (ML);<br/>18. Comrade Chandy;<br/>19. Kuttiyadi and Tirunelli;<br/>20. The Brutal murder of Comrade Varghese;<br/>21. Life in prison at Kozhikode;<br/>22. Trial and verdict;<br/>23. The Bangladesh War;<br/>24. The inmates of Kannur Prison;<br/>25. Thiruvananthapuram Central Prison;<br/>26. The High Court Verdict;<br/>27. The women's cell of Thiruvananthapuram Prison;<br/>28. The declaration of emergency;<br/>29. Tortures during emergency;<br/>30. The death of Mao and March elections;<br/>31. Persuasion;<br/>32. Freedom;<br/>33. Looking back;<br/>Appendix;<br/>Epilogue
650 ## - SUBJECT ADDED ENTRY--TOPICAL TERM
Topical term or geographic name entry element 1. Radicals - India - Kerala - Biography2. Naxalite Movement - Politics & Government - 20th Century3. Kerala - India - Biography
700 ## - ADDED ENTRY--PERSONAL NAME
Personal name
--
942 ## - ADDED ENTRY ELEMENTS (KOHA)
Source of classification or shelving scheme Dewey Decimal Classification
Koha item type BOOKs
Holdings
Withdrawn status Lost status Damaged status Not for loan Home library Current library Shelving location Date acquired Total Checkouts Full call number Barcode Date last seen Price effective from Koha item type
        . .   30.05.2017   324.244075 RAM 29220 30.05.2017 30.05.2017 BOOKs